Calvin in context (Record no. 4328)
[ view plain ]
| 000 -LEADER | |
|---|---|
| fixed length control field | 01299nam a2200337Ia 4500 |
| 100 1# - MAIN ENTRY--AUTHOR NAME | |
| Personal name | Steinmetz, David Curtis. |
| 245 10 - TITLE STATEMENT | |
| Title | Calvin in context |
| 260 ## - PUBLICATION, DISTRIBUTION, ETC. (IMPRINT) | |
| Place of publication | New York : |
| Name of publisher | Oxford University Press, |
| Year of publication | c1995. |
| 300 ## - PHYSICAL DESCRIPTION | |
| Number of Pages | [xvii], 235 p. |
| 650 #0 - SUBJECT ADDED ENTRY--TOPICAL TERM | |
| Topical Term | Calvinism |
| Topical Term | Reformation. |
| Topical Term | Reformed Church |
| 856 40 - ELECTRONIC LOCATION AND ACCESS | |
| Uniform Resource Identifier | http://site.ebrary.com/lib/rucke/Doc?id=10278802 |
No items available.
